000 00688nam a2200277Ia 4500
005 20260324140204.0
008 008 260324s9999 xx 000 0 eng d
020 _a9781315501734
037 _aEBOOK
040 _aCRL
040 _beng
040 _cCRL
041 _2eng
041 _aeng
084 _qCRL
100 _aRajan Menon; Yuri E. Fedorov; Ghia Nodia; East West Insitute
_91203468
245 0 _aRussia, the Caucasus, and Central Asia
260 _bTaylor and Francis
260 _c1999
365 _a
365 _b255
856 _uhttp://www.taylorfrancis.com/books/9781315501734
942 _cEBOOK
999 _c1805258
_d1805258